000 00478nam a2200157Ia 4500
005 20240426072808.0
008 240331s9999 xx 000 0 und d
020 _a9679928284
082 _bWOM
_a331.4
245 0 _aWomen in the economy
_bA select annotated bibliography of asia and pacific
_cAsian and pacific Development centre
260 _aMalaysia
_bAsian and pacific Development Centre
_c1991
300 _ax, 156 p .,
650 _aWoman
650 _aEconomy
942 _cL
999 _c2630
_d2630